000 00901 a2200205 4500
003 Nust
005 20230913095240.0
010 _a8323319
020 _a0865315268
040 _cNust
082 _a025.524,GIL
245 _aComputerized literature searching :
_bResearch strategies and databases /
_cCharles L. Gilrath
260 _alondon
_bwestview press
_c1984
300 _a177p
505 _aThe Basics of Computer Literature Search Systems (Page-1), The Researcher-Search Analyst Partnership (Page-17), Agricultural and Life Sciences (Page-23), Social Sciences and Education (Page-52), Physical Sciences and Engineering (Page-81), Business Literature (Page-119), Humanities, the Arts, and Architecture (Page-140), Legal Research (Page-153),
538 _aAlmirah No.10 Shelf No.2
600 _aCharales l gilreath
_993942
650 _aComputerized literature
_993943
942 _2ddc
_cBK
999 _c178929
_d178929